Confederate Capital Cities - Statistics

General Stats
  • This quiz has been taken 26 times
  • The average score is 2 of 5
Answer Stats
Date Capital % Correct
May 22 1861-Apr 2 1865 Richmond
95%
Feb 4-May 21 1861 Montgomery
60%
Apr 19-Apr 26 1865 Charlotte
15%
Apr 3-Apr 10 1865 Danville, VA
5%
Apr 14-Apr 15 1865 Greensboro
5%
No matching quizzes found
Score Distribution
Percent of People with Each Score
Percentile by Number Answered
Your Score History
You have not taken this quiz